|
|
|
|
| LEADER |
00816cam a2200217 a 4500 |
| 001 |
0000075535 |
| 005 |
20041229090000.0 |
| 040 |
|
|
|a mod
|
| 041 |
|
|
|a eng
|
| 020 |
0 |
0 |
|a 9623617022; 9623610610; 9623610629
|
| 090 |
0 |
0 |
|a 613.71
|b SPE
|c f
|e 2002
|
| 245 |
0 |
0 |
|a Special OPS
|b Journal of the Elite Forces & Swat Units
|b vol. 20- vol. 22
|
| 260 |
0 |
0 |
|a Hong Kong
|b Concord Publ. Company
|c 2002
|
| 300 |
0 |
0 |
|a [various paging]
|b ill. col.
|c 28cm
|
| 650 |
0 |
0 |
|a Physical fitness
|
| 650 |
0 |
0 |
|a Exercise
|
| 650 |
0 |
0 |
|a U.S. Special Operations Command.
|
| 852 |
0 |
0 |
|a 01
|
| 999 |
|
|
|a 0237188
|b KEMENTAH
|d BOOKS
|e Umum
|f Perpustakaan KEMENTAH
|j AVAILABLE
|q GOOD CONDITION
|
| 999 |
|
|
|a 0237189
|b KEMENTAH
|d BOOKS
|e Umum
|f Perpustakaan KEMENTAH
|j AVAILABLE
|q GOOD CONDITION
|
| 999 |
|
|
|a 0237190
|b KEMENTAH
|d BOOKS
|e Umum
|f Perpustakaan KEMENTAH
|j AVAILABLE
|q GOOD CONDITION
|